[Event "San Francisco TNM Jay Whitehead op"]
[Site "San Francisco"]
[Date "2014.09.30"]
[Round "9"]
[White "Harris, Clarence"]
[Black "Louie, Henry"]
[Result "1/2-1/2"]
[WhiteElo "1655"]
[BlackElo "1509"]
[PlyCount "44"]
[EventDate "2014.08.05"]
[EventType "swiss"]
[EventRounds "9"]
[EventCountry "USA"]
[SourceTitle "EXT 2016"]
[Source "ChessBase"]
[SourceDate "2015.10.08"]
[SourceVersion "1"]
[SourceVersionDate "2015.10.08"]
[SourceQuality "1"]

1. e4 e5 2. Nf3 Nc6 3. Bb5 a6 4. Bxc6 dxc6 5. 0-0 Bg4 6. h3 Bxf3 7. Qxf3 Nf6 8. d3 Be7 9. Be3 0-0 10. Nd2 b5 11. Rad1 Re8 12. Nb3 a5 13. d4 exd4 14. Nxd4 Ra6 15. Nxc6 Qa8 16. Nxe7+ Rxe7 17. Bf4 Qc8 18. e5 Ne8 19. Bg5 Rxe5 20. Rd8 Qe6 21. Bh4 g6 22. Qd3 Rd6 1/2-1/2

[Event "San Francisco TNM Summer op"]
[Site "San Francisco"]
[Date "2014.06.17"]
[Round "4"]
[White "Newey, Richard H"]
[Black "Louie, Henry"]
[Result "1-0"]
[WhiteElo "1796"]
[BlackElo "1517"]
[PlyCount "57"]
[EventDate "2014.05.27"]
[EventType "swiss"]
[EventRounds "8"]
[EventCountry "USA"]
[SourceTitle "EXT 2016"]
[Source "ChessBase"]
[SourceDate "2015.10.08"]
[SourceVersion "1"]
[SourceVersionDate "2015.10.08"]
[SourceQuality "1"]

1. e4 e5 2. Nf3 Nf6 3. Nc3 Nc6 4. Bb5 d6 5. d4 Bd7 6. d5 Ne7 7. Bg5 a6 8. Bd3 Ng6 9. Qd2 h6 10. Be3 Ng4 11. Ne2 Nxe3 12. fxe3 Be7 13. Ng3 Bh4 14. Nxh4 Nxh4 15. 0-0 Ng6 16. Nf5 0-0 17. Rf3 Bb5 18. Rg3 Bxd3 19. cxd3 c5 20. Rf1 b5 21. Qe2 Ra7 22. Qh5 Rd7 23. Nxh6+ gxh6 24. Qxh6 Qe7 25. Rh3 f6 26. Qxg6+ Qg7 27. Qf5 Qf7 28. Rff3 Qe7 29. Rfg3+ 1-0

[Event "San Francisco TNM Summer op"]
[Site "San Francisco"]
[Date "2014.06.10"]
[Round "3"]
[White "Louie, Henry"]
[Black "Otterbach, Renate"]
[Result "1-0"]
[WhiteElo "1517"]
[BlackElo "994"]
[PlyCount "67"]
[EventDate "2014.05.27"]
[EventType "swiss"]
[EventRounds "8"]
[EventCountry "USA"]
[SourceTitle "EXT 2016"]
[Source "ChessBase"]
[SourceDate "2015.10.08"]
[SourceVersion "1"]
[SourceVersionDate "2015.10.08"]
[SourceQuality "1"]

1. e4 e6 2. d4 d5 3. exd5 exd5 4. Nf3 Nf6 5. Bd3 Bd6 6. Nc3 Nbd7 7. 0-0 0-0 8. Bg5 c5 9. Re1 Re8 10. Nb5 Rxe1+ 11. Qxe1 Nf8 12. Nxd6 Qxd6 13. dxc5 Qc6 14. b4 Bg4 15. Nd4 Qe8 16. Bxf6 gxf6 17. Qd2 Qe5 18. Re1 Qg5 19. Qxg5+ fxg5 20. Re5 f6 21. Rxd5 Re8 22. h3 Bh5 23. Rd6 Bg6 24. Kf1 Bxd3+ 25. cxd3 Ng6 26. Nf5 Nf4 27. Rxf6 Nxd3 28. Ne3 Kg7 29. Rd6 Nxb4 30. Rd7+ Kg6 31. Rxb7 Nc6 32. Rd7 a5 33. Rd6+ Kh5 34. Rxc6 1-0

[Event "San Francisco TNM Winter op"]
[Site "San Francisco"]
[Date "2014.01.07"]
[Round "1"]
[White "Louie, Henry"]
[Black "Todortsev, Victor"]
[Result "0-1"]
[WhiteElo "1475"]
[BlackElo "1951"]
[PlyCount "50"]
[EventDate "2014.01.07"]
[EventType "swiss"]
[EventRounds "8"]
[EventCountry "USA"]
[SourceTitle "EXT 2016"]
[Source "ChessBase"]
[SourceDate "2015.10.08"]
[SourceVersion "1"]
[SourceVersionDate "2015.10.08"]
[SourceQuality "1"]

1. e4 c5 2. Nf3 d6 3. d4 cxd4 4. Nxd4 Nf6 5. Nc3 g6 6. Bb5+ Bd7 7. Bxd7+ Nbxd7 8. 0-0 Bg7 9. Bg5 0-0 10. Qd2 Ne5 11. Rab1 Nc4 12. Qe2 Rc8 13. Rfd1 a6 14. h3 Qc7 15. Bxf6 exf6 16. Nd5 Qd8 17. c3 b5 18. Nc2 Re8 19. Ncb4 a5 20. Nc2 f5 21. f3 fxe4 22. fxe4 f5 23. Nce3 Rxe4 24. Qf3 Nxe3 25. Nxe3 Qb6 0-1

[Event "San Francisco Neil Falconer op"]
[Site "San Francisco"]
[Date "2013.10.01"]
[Round "9"]
[White "Louie, Henry"]
[Black "Hilliard, Michael"]
[Result "1/2-1/2"]
[WhiteElo "1496"]
[BlackElo "1400"]
[PlyCount "124"]
[EventDate "2013.08.06"]
[EventType "swiss"]
[EventRounds "9"]
[EventCountry "USA"]
[SourceTitle "EXT 2016"]
[Source "ChessBase"]
[SourceDate "2015.10.08"]
[SourceVersion "1"]
[SourceVersionDate "2015.10.08"]
[SourceQuality "1"]

1. Nf3 d5 2. c4 e6 3. g3 c5 4. Bg2 Nc6 5. b3 Nf6 6. Bb2 Be7 7. 0-0 0-0 8. d3 b6 9. Nbd2 Bb7 10. a3 Qd7 11. Qc2 d4 12. Ne4 Nxe4 13. dxe4 e5 14. Rad1 Bd6 15. Bc1 Ne7 16. Ng5 f6 17. Bh3 Qe8 18. Nf3 Bc8 19. Bg2 Qh5 20. Rfe1 Bb7 21. e3 f5 22. Nh4 g5 23. Nxf5 Nxf5 24. exf5 Bxg2 25. Kxg2 g4 26. e4 Rf6 27. Rd3 Bf8 28. Rh1 Bh6 29. h4 Bxc1 30. Qxc1 Kg7 31. f4 Qe8 32. Re1 h5 33. fxe5 Qxe5 34. Qg5+ Kh7 35. Qxh5+ Rh6 36. Qf7+ Kh8 37. Qd5 Re8 38. Qxe5+ Rxe5 39. Rd2 Rf6 40. Kf1 Kg7 41. b4 Rc6 42. b5 Rc7 43. a4 Rce7 44. Rde2 d3 45. Rd2 Rd7 46. Re3 Kf6 47. Ke1 Rd4 48. Rdxd3 Rdxe4 49. Kd2 Rxc4 50. Rxe5 Kxe5 51. h5 Kxf5 52. Rd5+ Kf6 53. Rd6+ Kg7 54. Rd7+ Kh6 55. Rxa7 Kxh5 56. a5 bxa5 57. Rxa5 Rb4 58. b6 Rxb6 59. Rxc5+ Kh6 60. Ke3 Rf6 61. Ke4 Rf3 62. Rc6+ Kg5 1/2-1/2